[Event "Guernsey International Holiday"]
[Site "?"]
[Date "2018.10.22"]
[Round "2"]
[White "Heesen, Jos"]
[Black "Nalichowski, Bogdan"]
[Result "1-0"]
[WhiteElo "1760"]
[BlackElo "1378"]
[PlyCount "171"]
[EventDate "2018.10.21"]
[EventType "swiss"]
[EventRounds "7"]

1. Nc3 Nf6 2. e4 e5 3. f4 d6 4. Nf3 Nbd7 5. Bc4 h6 6. O-O Be7 7. d3 O-O 8. Qe1
c6 9. Bb3 Re8 10. Qg3 Nc5 11. f5 Nxb3 12. axb3 Kh7 13. Qh3 Ng8 14. g4 f6 15.
Qh5 Bd7 16. Kh1 Rf8 17. Rg1 b5 18. g5 Be8 19. Qh4 fxg5 20. Bxg5 Rf7 21. Bxe7
Rxe7 22. Ng5+ Kh8 23. Ne6 Qd7 24. Nf8 Qb7 25. Ng6+ Bxg6 26. Rxg6 Rf8 27. Rxd6
Nf6 28. Rg1 Qc7 29. Re6 Rxe6 30. fxe6 Qe7 31. Nd1 Qxe6 32. Ne3 Ne8 33. Qh5 Qd6
34. Nf5 Qc7 35. Nxh6 c5 36. Nf7+ Kg8 37. Ng5 Nf6 38. Qg6 Qd7 39. h4 c4 40. Rg3
cxb3 41. c3 b4 42. cxb4 Rc8 43. Ne6 Nh5 44. Rf3 Rc1+ 45. Kh2 Rc2+ 46. Kg1 Nf4
47. Qh7+ Kxh7 48. Nf8+ Kh6 49. Nxd7 Rxb2 50. Nxe5 Rb1+ 51. Kf2 Ne6 52. Nc4 b2
53. Nxb2 Rxb2+ 54. Ke3 Rxb4 55. Rf5 Ra4 56. Rd5 Ra1 57. Rd6 Kh5 58. Rxe6 Kxh4
59. Rg6 a5 60. Rxg7 a4 61. Ra7 a3 62. Kd4 Kg5 63. Ra6 a2 64. e5 Kf5 65. Rf6+
Kg5 66. Rf2 Kg6 67. Kd5 Rd1 68. Rxa2 Rxd3+ 69. Ke6 Rf3 70. Rg2+ Kh7 71. Ke7 Ra3
72. e6 Rd3 73. Rg5 Kh6 74. Rf5 Kg7 75. Rg5+ Kh6 76. Rg2 Kh7 77. Ke8 Rb3 78. e7
Rd3 79. Rf2 Kg7 80. Rf4 Rd2 81. Rg4+ Kh7 82. Kf7 Rf2+ 83. Ke6 Re2+ 84. Kd6 Rd2+
85. Ke5 Re2+ 86. Re4 1-0

[Event "Guernsey International Holiday"]
[Site "?"]
[Date "2018.10.22"]
[Round "2"]
[White "Nevska, Gerda"]
[Black "Jongerius, Marc"]
[Result "1-0"]
[WhiteElo "1819"]
[BlackElo "1686"]
[PlyCount "53"]
[EventDate "2018.10.21"]
[EventType "swiss"]
[EventRounds "7"]

1. c4 Nf6 2. g3 e6 3. Bg2 d5 4. Nf3 c5 5. O-O Nc6 6. d3 g6 7. Bf4 Bg7 8. Qc1
Ng4 9. cxd5 exd5 10. h3 Nf6 11. Bh6 Bxh6 12. Qxh6 Ng8 13. Qd2 Nf6 14. Nc3 Bd7
15. Rac1 Qe7 16. Rfe1 Rc8 17. e4 d4 18. Nd5 Qd8 19. Rxc5 Be6 20. b4 Kd7 21.
Rxc6 Rxc6 22. Ne5+ Kd6 23. Nxc6 Kxc6 24. Nxf6 Bxh3 25. Rc1+ Kb5 26. a4+ Kxa4
27. Bxh3 1-0

[Event "Guernsey International Holiday"]
[Site "?"]
[Date "2018.10.22"]
[Round "2"]
[White "Turner, David J"]
[Black "Ruigrok, Jacques"]
[Result "1/2-1/2"]
[WhiteElo "1763"]
[BlackElo "1645"]
[PlyCount "61"]
[EventDate "2018.10.21"]
[EventType "swiss"]
[EventRounds "7"]

1. Nf3 d5 2. g3 Nf6 3. Bg2 e6 4. O-O c5 5. d3 Be7 6. Nbd2 Nc6 7. Re1 O-O 8. e4
dxe4 9. dxe4 e5 10. Qe2 Bg4 11. c3 h6 12. Nf1 Qc7 13. h3 Bxf3 14. Bxf3 Nd8 15.
Bg4 Nxg4 16. Qxg4 Qc8 17. Ne3 Qxg4 18. Nxg4 Nc6 19. Be3 h5 20. Nh2 Rfd8 21.
Rad1 b6 22. Nf3 Bf6 23. Kf1 Rxd1 24. Rxd1 Rd8 25. Ke2 Rxd1 26. Kxd1 Kf8 27. Kd2
Ke7 28. c4 Nd4 29. Ng1 Ke6 30. Kd3 Be7 31. Kd2 1/2-1/2

[Event "Guernsey International Holiday"]
[Site "?"]
[Date "2018.10.22"]
[Round "2"]
[White "Hall, Alan"]
[Black "Beadle, John R"]
[Result "1-0"]
[WhiteElo "1731"]
[BlackElo "1565"]
[PlyCount "53"]
[EventDate "2018.10.21"]
[EventType "swiss"]
[EventRounds "7"]

1. d4 f5 2. Nf3 Nf6 3. c4 e6 4. Bf4 d5 5. e3 c6 6. Nbd2 Be7 7. Be2 Nbd7 8. h3
O-O 9. O-O Ne4 10. Ne5 Nxd2 11. Qxd2 Nf6 12. f3 Qe8 13. c5 b6 14. b4 b5 15. a4
Ba6 16. Ra2 Qc8 17. Rfa1 Nd7 18. axb5 Bxb5 19. Bxb5 cxb5 20. Rxa7 Rxa7 21. Rxa7
Nxe5 22. Bxe5 Bf6 23. Bxf6 Rxf6 24. Ra5 Qb8 25. Qe2 Qg3 26. Rxb5 f4 27. c6 1-0

[Event "Guernsey International Holiday"]
[Site "?"]
[Date "2018.10.22"]
[Round "2"]
[White "Glover, John"]
[Black "Van Beek, Ronald"]
[Result "1/2-1/2"]
[WhiteElo "1717"]
[BlackElo "1366"]
[PlyCount "97"]
[EventDate "2018.10.21"]
[EventType "swiss"]
[EventRounds "7"]

1. Nf3 d5 2. c4 Nf6 3. cxd5 Nxd5 4. e4 Nb6 5. d4 g6 6. Nc3 c6 7. Be3 Bg7 8. Be2
O-O 9. O-O Bg4 10. h3 Bxf3 11. Bxf3 N6d7 12. Qd2 e5 13. d5 cxd5 14. Nxd5 Nc6
15. Be2 Nf6 16. Nxf6+ Bxf6 17. Rfd1 Qxd2 18. Rxd2 Rfd8 19. Rad1 Rxd2 20. Rxd2
Rd8 21. Bc4 Kg7 22. Bd5 a5 23. a3 Rc8 24. f3 b5 25. Rc2 Ne7 26. Rxc8 Nxc8 27.
b3 Be7 28. a4 bxa4 29. bxa4 Bb4 30. Kf1 Nd6 31. Ke2 f5 32. Bb6 Kh6 33. Bd8 Kh5
34. g4+ Kh6 35. Bf6 fxe4 36. fxe4 Bc3 37. Kd3 Bb4 38. Bxe5 Kg5 39. Bg3 h5 40.
Be6 hxg4 41. hxg4 Nb7 42. Bf2 Nc5+ 43. Bxc5 Bxc5 44. Kc4 Bb4 45. Kd5 Kf4 46.
Bd7 Bc3 47. Be8 g5 48. Bd7 Be5 49. Bf5 1/2-1/2

[Event "Guernsey International Holiday"]
[Site "?"]
[Date "2018.10.22"]
[Round "2"]
[White "Bennett, David"]
[Black "Bateman, Kerry"]
[Result "0-1"]
[WhiteElo "1383"]
[BlackElo "1710"]
[PlyCount "102"]
[EventDate "2018.10.21"]
[EventType "swiss"]
[EventRounds "7"]

1. Nf3 Nf6 2. d4 e6 3. Bf4 c5 4. Nbd2 cxd4 5. Nxd4 Nc6 6. N4f3 d5 7. e3 Bd6 8.
Bg5 h6 9. Bxf6 Qxf6 10. c3 O-O 11. Be2 Bd7 12. O-O Qe7 13. Qc2 e5 14. e4 d4 15.
Bd3 Rac8 16. a3 Bc5 17. c4 a6 18. Rab1 Ba7 19. b4 g5 20. Nb3 g4 21. Nfd2 Rc7
22. g3 Rfc8 23. Qd1 h5 24. f4 gxf3 25. Nxf3 Bg4 26. Nbd2 f6 27. Qb3 Be6 28. Qb2
Qg7 29. Nh4 Ne7 30. Ndf3 Qh6 31. Qd2 Kh7 32. c5 a5 33. Ra1 b6 34. cxb6 Bxb6 35.
Rab1 Qxd2 36. Nxd2 Kg7 37. bxa5 Bxa5 38. Ndf3 Rc3 39. Rb7 R8c7 40. Rxc7 Bxc7
41. Ne1 Rxa3 42. Be2 Bh3 43. Nhg2 Bg4 44. Bxg4 hxg4 45. Rf2 Ra1 46. Kf1 Ba5 47.
Ke2 Nc6 48. Rf5 Nb4 49. Rf1 Ra2+ 50. Kd1 Nd3 51. Nxd3 Rd2+ 0-1

[Event "Guernsey International Holiday"]
[Site "?"]
[Date "2018.10.22"]
[Round "2"]
[White "Goris Schouwstra, Adry"]
[Black "Harnden, Terry"]
[Result "1/2-1/2"]
[WhiteElo "1697"]
[BlackElo "1428"]
[PlyCount "55"]
[EventDate "2018.10.21"]
[EventType "swiss"]
[EventRounds "7"]

1. d4 Nf6 2. c4 e6 3. Nf3 Bb4+ 4. Bd2 Bxd2+ 5. Nbxd2 O-O 6. e4 d5 7. Bd3 dxe4
8. Nxe4 Nxe4 9. Bxe4 Nd7 10. O-O Nf6 11. Bc2 b6 12. Qe2 Bb7 13. Rfd1 Qc8 14. b3
c5 15. Ne1 Qc7 16. Qe3 h6 17. h3 Rad8 18. dxc5 Qxc5 19. Qe2 Qc7 20. Qe3 Rxd1
21. Rxd1 Rd8 22. Rxd8+ Qxd8 23. c5 Qc7 24. cxb6 axb6 25. Qd4 Nd5 26. Qd3 Nf6
27. Qe2 Nd5 28. Qd3 1/2-1/2

[Event "Guernsey International Holiday"]
[Site "?"]
[Date "2018.10.22"]
[Round "2"]
[White "Goman, Colin"]
[Black "Shek, Daniel"]
[Result "0-1"]
[WhiteElo "1692"]
[BlackElo "1304"]
[PlyCount "134"]
[EventDate "2018.10.21"]
[EventType "swiss"]
[EventRounds "7"]

1. d4 Nf6 2. c4 g6 3. Nc3 Bg7 4. e4 d6 5. f3 O-O 6. Be3 a5 7. Qd2 c6 8. Bh6 e5
9. Bxg7 Kxg7 10. Nge2 Be6 11. b3 exd4 12. Nxd4 Qc7 13. Bd3 Na6 14. a3 Nc5 15.
Bc2 d5 16. cxd5 cxd5 17. Ncb5 Qe5 18. f4 Qh5 19. Nxe6+ Nxe6 20. e5 Ne4 21. Bxe4
dxe4 22. Qe3 Qf5 23. O-O Rfd8 24. Nd6 Qh5 25. Qxe4 Nc5 26. Qc4 Ne6 27. Rae1 b6
28. Re3 Ra7 29. Rh3 Qg4 30. Rff3 Rc7 31. Qf1 Nd4 32. Re3 Rc2 33. Rhg3 Ne2+ 34.
Rxe2 Qxe2 35. Qxe2 Rxe2 36. Kf1 Rc2 37. Nf5+ Kf8 38. Nd6 Ra2 39. a4 Ke7 40. Rc3
Rd7 41. h3 f6 42. Kg1 fxe5 43. fxe5 Re2 44. Nc8+ Kd8 45. Nxb6 Rd1+ 46. Kh2 Rxe5
47. Nc4 Rc5 48. Kg3 Rd4 49. Rf3 Rf5 50. Rxf5 gxf5 51. Nxa5 Kc7 52. Kf2 Rd3 53.
Nc4 Rxb3 54. Ne3 Rb2+ 55. Kf3 Rb3 56. Kf4 Rb4+ 57. Kxf5 Rxa4 58. Nd5+ Kd6 59.
Nf6 Ra5+ 60. Kg4 h6 61. g3 Ke6 62. Ne4 Ke5 63. Nf2 Kd4 64. h4 Ra2 65. Nh3 Ke4
66. Nf4 Ra5 67. Nh3 h5# 0-1

[Event "Guernsey International Holiday"]
[Site "?"]
[Date "2018.10.22"]
[Round "2"]
[White "Gibson, John"]
[Black "Hoogakker, Peter"]
[Result "1/2-1/2"]
[WhiteElo "1608"]
[BlackElo "1787"]
[PlyCount "104"]
[EventDate "2018.10.21"]
[EventType "swiss"]
[EventRounds "7"]

1. f4 d6 2. Nf3 Nf6 3. e3 Nbd7 4. d4 c6 5. Bd3 Qc7 6. O-O e5 7. fxe5 dxe5 8.
Ng5 h6 9. Ne4 Nxe4 10. Bxe4 Nf6 11. Bf3 e4 12. Be2 Bd6 13. h3 Be6 14. b3 h5 15.
Ba3 Bh2+ 16. Kh1 Bg3 17. Nc3 Qd7 18. d5 Bxd5 19. Nxd5 Nxd5 20. Qd4 Nf6 21.
Qxd7+ Kxd7 22. Rad1+ Kc7 23. Bc4 Rad8 24. Be7 Rxd1 25. Rxd1 Re8 26. Bxf6 gxf6
27. Bxf7 Re7 28. Bxh5 Bf2 29. Rf1 Bxe3 30. Rxf6 Bd4 31. Rf7 Rxf7 32. Bxf7 Kd6
33. Bh5 Ke5 34. g3 Be3 35. Kg2 Kd4 36. Kf1 c5 37. Ke2 b5 38. c3+ Kxc3 39. Kxe3
Kb2 40. Kxe4 Kxa2 41. Bf7 a5 42. g4 Kb2 43. g5 a4 44. bxa4 c4 45. Kd4 c3 46.
Bg6 bxa4 47. Bd3 c2 48. Bxc2 Kxc2 49. g6 a3 50. g7 a2 51. g8=Q a1=Q+ 52. Ke4
Qh1+ 1/2-1/2

[Event "Guernsey International Holiday"]
[Site "?"]
[Date "2018.10.22"]
[Round "2"]
[White "Kearsley, Raymond J"]
[Black "Nielsen, Jorgen Holmstrom"]
[Result "1-0"]
[WhiteElo "1590"]
[BlackElo "1748"]
[PlyCount "101"]
[EventDate "2018.10.21"]
[EventType "swiss"]
[EventRounds "7"]

1. e4 Nf6 2. e5 Nd5 3. d4 d6 4. Nf3 Nc6 5. Be2 Bf5 6. O-O e6 7. c4 Nb6 8. exd6
cxd6 9. Bf4 Be7 10. Nc3 a6 11. d5 exd5 12. cxd5 Nb8 13. Nd4 Bg6 14. b4 O-O 15.
a4 N6d7 16. Be3 Nf6 17. Qb3 Nbd7 18. Nf3 Ng4 19. Bd4 Bf6 20. Qd1 Bxd4 21. Qxd4
Ngf6 22. Nh4 Re8 23. Nxg6 hxg6 24. a5 Rc8 25. Bd3 Re5 26. f4 Rh5 27. Be2 Rh7
28. Bf3 Nh5 29. g3 Qf6 30. Qxf6 Nhxf6 31. Rac1 Ne8 32. Ne4 Rxc1 33. Rxc1 Kf8
34. Bg4 Ke7 35. Ng5 Rh8 36. Re1+ Ne5 37. fxe5 dxe5 38. Rxe5+ Kf6 39. Nf3 Nd6
40. Re2 Rd8 41. Nd2 g5 42. Bf3 Nb5 43. Ne4+ Kg6 44. Rd2 f5 45. Nc5 Nd6 46. Re2
g4 47. Bg2 Kf7 48. Rc2 g5 49. Ne6 Re8 50. Nxg5+ Kf6 51. Ne6 1-0

[Event "Guernsey International Holiday"]
[Site "?"]
[Date "2018.10.22"]
[Round "2"]
[White "Kershaw, Graham"]
[Black "Jones, Sidney A"]
[Result "1/2-1/2"]
[WhiteElo "1712"]
[BlackElo "1488"]
[PlyCount "72"]
[EventDate "2018.10.21"]
[EventType "swiss"]
[EventRounds "7"]

1. e4 e5 2. Nf3 Nc6 3. Bb5 Nf6 4. O-O Be7 5. Re1 O-O 6. c3 a6 7. Bxc6 dxc6 8.
Nxe5 Bd6 9. Nc4 Bf4 10. f3 Be6 11. Ne3 Qd3 12. Qe2 Rad8 13. Qxd3 Rxd3 14. Kf2
Rfd8 15. g3 Bxe3+ 16. Rxe3 c5 17. Rxd3 Rxd3 18. Na3 b5 19. b3 Nd7 20. Ke2 Ne5
21. f4 Bg4+ 22. Kf2 Rf3+ 23. Kg2 Nd3 24. Nc2 Rf2+ 25. Kg1 Bh3 26. Ne3 Re2 27.
Ba3 Ne1 28. Rxe1 Rxe1+ 29. Kf2 Ra1 30. Bxc5 Rxa2 31. Ke2 c6 32. Kd3 Ra1 33. f5
Rh1 34. Nc2 Bf1+ 35. Ke3 Rxh2 36. Nd4 Rh6 1/2-1/2

[Event "Guernsey International Holiday"]
[Site "?"]
[Date "2018.10.22"]
[Round "2"]
[White "Huba, Mark J"]
[Black "Bakkes, Frits"]
[Result "1-0"]
[WhiteElo "1556"]
[BlackElo "1650"]
[PlyCount "118"]
[EventDate "2018.10.21"]
[EventType "swiss"]
[EventRounds "7"]

1. Nf3 c5 2. g3 Nc6 3. Bg2 Nf6 4. d3 d5 5. Nbd2 e5 6. e4 dxe4 7. dxe4 Bg4 8.
O-O Nd4 9. c3 Nxf3+ 10. Bxf3 Bxf3 11. Qxf3 Qd7 12. Re1 Be7 13. Nc4 Qe6 14. Ne3
Rd8 15. Nf5 O-O 16. Bg5 Rd7 17. Nxe7+ Qxe7 18. Rad1 Rfd8 19. Rxd7 Rxd7 20. Rd1
Rxd1+ 21. Qxd1 Qd7 22. Qxd7 Nxd7 23. Be7 f6 24. b4 cxb4 25. Bxb4 Kf7 26. Kf1
Ke6 27. Ke2 b6 28. h4 g6 29. f3 a5 30. Ba3 Nb8 31. Kd3 b5 32. Bc1 Nd7 33. Ba3
Nb6 34. Bc5 Nc4 35. Be3 Kd6 36. Bc1 Kc5 37. Kc2 Kc6 38. Bh6 Kd7 39. Bc1 Ke6 40.
Kd3 f5 41. a4 fxe4+ 42. fxe4 Nd6 43. axb5 Nxb5 44. c4 Nd4 45. c5 Nc6 46. Kc4
Nd4 47. Bd2 Ne2 48. Bxa5 Nxg3 49. Kd3 Kd7 50. Bc3 Ke6 51. c6 h6 52. c7 Kd7 53.
Bxe5 Nf1 54. Kc4 Nd2+ 55. Kd5 Nf3 56. Bd6 Nxh4 57. Kc5 Kc8 58. Kc6 Nf5 59. exf5
g5 1-0

[Event "Guernsey International Holiday"]
[Site "?"]
[Date "2018.10.23"]
[Round "3"]
[White "Strade, Arita"]
[Black "Heesen, Jos"]
[Result "1-0"]
[WhiteElo "1846"]
[BlackElo "1760"]
[PlyCount "81"]
[EventDate "2018.10.21"]
[EventType "swiss"]
[EventRounds "7"]

1. e4 e6 2. d4 d5 3. Nd2 Nf6 4. e5 Ne4 5. Nxe4 dxe4 6. f3 c5 7. c3 cxd4 8. Qxd4
Qxd4 9. cxd4 Nc6 10. Be3 Nb4 11. Kd2 Bd7 12. a3 Nd5 13. fxe4 Nxe3 14. Kxe3 Rc8
15. Bd3 Be7 16. Nf3 Bc6 17. Rac1 O-O 18. Bc4 Rfd8 19. b4 b5 20. Bb3 Bb7 21.
Rhd1 a5 22. bxa5 Bxa3 23. Rxc8 Rxc8 24. d5 Kf8 25. dxe6 fxe6 26. Bxe6 Rc3+ 27.
Kf4 Bc6 28. Bd5 Ke7 29. Nd4 Be8 30. Nf5+ Kf8 31. e6 g6 32. Nd4 Bc1+ 33. Ke5 Bg5
34. Rf1+ Ke7 35. Nb3 Bh6 36. Kd4 b4 37. Rf3 Rc2 38. a6 Ra2 39. Nc5 Ra5 40. e5
b3 41. Rxb3 1-0

[Event "Guernsey International Holiday"]
[Site "?"]
[Date "2018.10.23"]
[Round "3"]
[White "Kirk, Matthew"]
[Black "Haisma, Henk"]
[Result "0-1"]
[WhiteElo "1732"]
[BlackElo "1787"]
[PlyCount "104"]
[EventDate "2018.10.21"]
[EventType "swiss"]
[EventRounds "7"]

1. d4 d5 2. c4 c6 3. Nc3 Nf6 4. cxd5 cxd5 5. Nf3 Nc6 6. g3 e6 7. Bg2 Bd6 8. O-O
a6 9. Bg5 h6 10. Bxf6 Qxf6 11. e4 dxe4 12. Nxe4 Qd8 13. Nxd6+ Qxd6 14. Re1 O-O
15. Qd2 Ne7 16. Rad1 Rb8 17. Ne5 Nd5 18. Nc4 Qd7 19. Ne5 Qd8 20. Rc1 Ne7 21.
Qf4 Bd7 22. Nxd7 Qxd7 23. Rc7 Qb5 24. Rxe7 Qb4 25. R7xe6 fxe6 26. Qe5 Rbe8 27.
Re4 Qxb2 28. Rg4 Qxf2+ 29. Kh1 Rf6 30. d5 Rc8 31. h4 Rc1+ 32. Kh2 Qg1+ 33. Kh3
Qf2 34. dxe6 Qf5 35. Qb8+ Rf8 36. Qxb7 Qe5 37. Bc6 h5 38. Rg5 Qxe6+ 39. Kh2
Rc2+ 40. Bg2 g6 41. Qb3 Qxb3 42. axb3 Kg7 43. g4 Rf4 44. gxh5 Rxh4+ 45. Kg3
Rxh5 46. Rxg6+ Kxg6 47. Be4+ Kf6 48. Bxc2 Ke5 49. b4 Kd4 50. Bd1 Re5 51. Bf3
Kc4 52. Kf4 Re7 0-1

[Event "Guernsey International Holiday"]
[Site "?"]
[Date "2018.10.23"]
[Round "3"]
[White "Brown, Geoffrey D"]
[Black "O'Connell, Denis"]
[Result "0-1"]
[WhiteElo "1612"]
[BlackElo "1783"]
[PlyCount "30"]
[EventDate "2018.10.21"]
[EventType "swiss"]
[EventRounds "7"]

1. e4 d5 2. exd5 Nf6 3. Nc3 Nxd5 4. Nxd5 Qxd5 5. Nf3 Bg4 6. Be2 Nc6 7. O-O
O-O-O 8. d3 e5 9. Ng5 Bxe2 10. Qxe2 f6 11. Ne4 Nd4 12. Qd1 h5 13. Be3 Nf5 14.
Nc3 Nxe3 15. Nxd5 Nxd1 0-1

[Event "Guernsey International Holiday"]
[Site "?"]
[Date "2018.10.23"]
[Round "3"]
[White "Dennis, Nigel W"]
[Black "Foster, Paul"]
[Result "1-0"]
[WhiteElo "1801"]
[BlackElo "1540"]
[PlyCount "59"]
[EventDate "2018.10.21"]
[EventType "swiss"]
[EventRounds "7"]

1. e4 d5 2. exd5 Nf6 3. d4 Nxd5 4. c4 Nb6 5. Be2 Bf5 6. Nf3 e6 7. O-O Be7 8.
Nc3 N8d7 9. Be3 O-O 10. a3 a5 11. Qd2 Nf6 12. h3 Ne4 13. Nxe4 Bxe4 14. Rac1
Bxf3 15. Bxf3 c6 16. Rfd1 Nd7 17. d5 Ne5 18. Be2 Qc8 19. Bb6 c5 20. Bxa5 Bd8
21. Bc3 Ng6 22. dxe6 Qxe6 23. Bf3 Qa6 24. Qd7 Bg5 25. Bxb7 Qxc4 26. Bd2 Qh4 27.
Bxg5 Qxg5 28. Bxa8 Rxa8 29. Qd5 Qf6 30. Qxa8+ 1-0

[Event "Guernsey International Holiday"]
[Site "?"]
[Date "2018.10.23"]
[Round "3"]
[White "Stanners, Michael J"]
[Black "Bateman, Kerry"]
[Result "1/2-1/2"]
[WhiteElo "1762"]
[BlackElo "1710"]
[PlyCount "40"]
[EventDate "2018.10.21"]
[EventType "swiss"]
[EventRounds "7"]

1. d4 Nf6 2. Nf3 e6 3. e3 b6 4. Bd3 Bb7 5. Nbd2 Be7 6. Qe2 O-O 7. O-O c5 8. b3
cxd4 9. Nxd4 Nc6 10. Nxc6 Bxc6 11. Bb2 Rc8 12. Rfd1 Rc7 13. Rac1 Qa8 14. Qf1
Rfc8 15. c4 Ne4 16. Nxe4 Bxe4 17. f3 Bxd3 18. Qxd3 d5 19. cxd5 Rxc1 20. Rxc1
Rxc1+ 1/2-1/2

[Event "Guernsey International Holiday"]
[Site "?"]
[Date "2018.10.23"]
[Round "3"]
[White "Shek, Daniel"]
[Black "Hall, Alan"]
[Result "0-1"]
[WhiteElo "1304"]
[BlackElo "1731"]
[PlyCount "102"]
[EventDate "2018.10.21"]
[EventType "swiss"]
[EventRounds "7"]

1. d4 Nf6 2. c4 e5 3. dxe5 Ng4 4. Nf3 Nc6 5. Qd5 Bb4+ 6. Bd2 Qe7 7. e6 dxe6 8.
Qe4 Nf6 9. Qc2 O-O 10. e3 Rd8 11. Be2 Bxd2+ 12. Nbxd2 Bd7 13. O-O Nb4 14. Qc3
c5 15. a3 Nc6 16. Rab1 e5 17. e4 Nd4 18. Nxd4 cxd4 19. Qd3 Bc6 20. b4 b6 21.
Rfc1 Nd7 22. h3 Rac8 23. Rb2 g6 24. Bg4 Kg7 25. Qb3 h5 26. Be2 f5 27. exf5 Qg5
28. Bf3 Qxf5 29. Bxc6 Rxc6 30. c5 bxc5 31. bxc5 Rxc5 32. Rxc5 Nxc5 33. Qb5 Nd3
34. Rc2 Qxf2+ 35. Kh2 Qf4+ 36. Kg1 Qe3+ 37. Kh2 h4 38. Qb7+ Kh6 39. Qf3 Qxf3
40. Nxf3 e4 41. Rd2 exf3 42. Rxd3 f2 43. Rd1 d3 44. g3 d2 45. Kg2 hxg3 46. Kf1
Re8 47. Rxd2 Re1+ 48. Kg2 f1=Q+ 49. Kxg3 Re3+ 50. Kg4 Qf3+ 51. Kh4 Re4# 0-1

[Event "Guernsey International Holiday"]
[Site "?"]
[Date "2018.10.23"]
[Round "3"]
[White "Colsen, Manuel"]
[Black "Van Hoek, Wim"]
[Result "1-0"]
[WhiteElo "1628"]
[BlackElo "1882"]
[PlyCount "49"]
[EventDate "2018.10.21"]
[EventType "swiss"]
[EventRounds "7"]

1. Nf3 d5 2. d4 e6 3. g3 f5 4. Bg2 Nf6 5. O-O c6 6. Nbd2 Bd6 7. e3 O-O 8. c4
Qe7 9. a3 a5 10. b3 b6 11. Bb2 Ne4 12. Nxe4 fxe4 13. Nd2 Nd7 14. a4 Nf6 15. Rc1
Bb7 16. Rc2 Rac8 17. Qe2 Ba6 18. Rfc1 Rc7 19. h3 g6 20. Qe1 Rfc8 21. c5 Bd3 22.
cxd6 Qxd6 23. Rc3 e5 24. dxe5 Qxe5 25. Rxc6 1-0

[Event "Guernsey International Holiday"]
[Site "?"]
[Date "2018.10.23"]
[Round "3"]
[White "Baart, Edwin"]
[Black "Huba, Mark J"]
[Result "1-0"]
[WhiteElo "1774"]
[BlackElo "1556"]
[PlyCount "95"]
[EventDate "2018.10.21"]
[EventType "swiss"]
[EventRounds "7"]

1. d4 e6 2. Nf3 f5 3. c4 d5 4. Nc3 Nf6 5. Bg5 c6 6. e3 h6 7. Bxf6 Qxf6 8. Ne5
g6 9. cxd5 exd5 10. Qb3 Bg7 11. Nxd5 cxd5 12. Qxd5 Qe6 13. Bb5+ Nc6 14. Bxc6+
bxc6 15. Qxe6+ Bxe6 16. Nxg6 Rg8 17. Nf4 Bd7 18. Rc1 Kf7 19. Rc2 Bf8 20. O-O
Bd6 21. Nd3 Be6 22. Rxc6 Bd5 23. Rxd6 Bxg2 24. Ne5+ Ke7 25. Rxh6 Bxf1+ 26. Kxf1
Rac8 27. Rh7+ Ke6 28. Rxa7 Rc1+ 29. Ke2 Rc2+ 30. Kf3 Rxb2 31. Nd3 Rb1 32. Nc5+
Kd6 33. Rd7+ Kc6 34. Rh7 Rb2 35. a4 Rg1 36. Rh6+ Kc7 37. Nd3 Rd2 38. Nf4 Ra2
39. Rf6 Rxa4 40. Rxf5 Ra2 41. Rg5 Rf1 42. Rg2 Rc1 43. h4 Rh1 44. Kg3 Ra8 45. h5
Rg8+ 46. Kf3 Rf8 47. Ke2 Rh4 48. Ne6+ 1-0

[Event "Guernsey International Holiday"]
[Site "?"]
[Date "2018.10.23"]
[Round "3"]
[White "Rowe, Oliver"]
[Black "Turner, David J"]
[Result "1/2-1/2"]
[WhiteElo "1553"]
[BlackElo "1763"]
[PlyCount "91"]
[EventDate "2018.10.21"]
[EventType "swiss"]
[EventRounds "7"]

1. d4 d6 2. Bf4 Nd7 3. Nf3 c5 4. e3 Qb6 5. Nc3 a6 6. Rb1 Ngf6 7. h3 Qd8 8. a4
b6 9. Be2 h6 10. O-O g5 11. Bh2 Bg7 12. e4 g4 13. e5 gxh3 14. exf6 Nxf6 15. Nh4
hxg2 16. Nxg2 Rg8 17. Bf3 Bh3 18. Bc6+ Kf8 19. Qf3 Bg4 20. Qe3 cxd4 21. Qxd4
Rc8 22. f3 Be6 23. Bb7 Rc5 24. Bxa6 Ng4 25. Qd2 Nxh2 26. Kxh2 Rh5+ 27. Kg1 Bh3
28. Rf2 Bf6 29. Bf1 Bh4 30. Re2 Qa8 31. Nd5 Bxg2 32. Bxg2 Qxd5 33. Qxd5 Rxd5
34. b4 Rg3 35. f4 Rd4 36. a5 bxa5 37. b5 Rc4 38. b6 Rc8 39. b7 Rb8 40. Re4 Ke8
41. Ra4 Rc3 42. Rxa5 Kd8 43. Rh5 Bf6 44. Rxh6 Rxc2 45. Rh3 Kc7 46. Rh7 1/2-1/2

[Event "Guernsey International Holiday"]
[Site "?"]
[Date "2018.10.23"]
[Round "3"]
[White "Maurus, Mickey"]
[Black "Glover, John"]
[Result "0-1"]
[WhiteElo "1435"]
[BlackElo "1717"]
[PlyCount "130"]
[EventDate "2018.10.21"]
[EventType "swiss"]
[EventRounds "7"]

1. d4 Nf6 2. Bf4 c5 3. e3 e6 4. Nf3 d5 5. c3 Bd6 6. Bg3 O-O 7. Nbd2 b6 8. Bd3
Bb7 9. Bxd6 Qxd6 10. Ne5 Nbd7 11. Ndf3 Rac8 12. Qe2 Rc7 13. O-O Rfc8 14. Nxd7
Nxd7 15. Bxh7+ Kxh7 16. Ng5+ Kg8 17. Qh5 Nf8 18. f4 Ba6 19. Rf2 Bd3 20. g4 Bg6
21. Qh4 f5 22. Rf3 fxg4 23. Qxg4 Bf5 24. Qh5 g6 25. Qh6 Qe7 26. Rg3 Qg7 27. Qh4
Qh8 28. Nf3 Qxh4 29. Nxh4 Rh7 30. Nxf5 exf5 31. Re1 Re7 32. Kf2 Kf7 33. h4 cxd4
34. exd4 Rxe1 35. Kxe1 Nd7 36. h5 Rg8 37. Rg5 Kf6 38. Kd2 Nf8 39. Rg2 Rh8 40.
hxg6 Nxg6 41. Rf2 Re8 42. b3 Re4 43. a4 Rxf4 44. Re2 Ne7 45. Rh2 Rf1 46. Rh8
Ke6 47. Ra8 Nc6 48. c4 dxc4 49. bxc4 Nxd4 50. Rxa7 Nb3+ 51. Kc3 Nc5 52. a5 Rb1
53. axb6 Rxb6 54. Kd4 Ne4 55. c5 Rc6 56. Ra5 Rxc5 57. Rxc5 Nxc5 58. Kxc5 Ke5
59. Kc4 Ke4 60. Kc3 Ke3 61. Kc2 Ke2 62. Kc3 f4 63. Kd4 f3 64. Ke5 f2 65. Kd5
f1=Q 0-1

[Event "Guernsey International Holiday"]
[Site "?"]
[Date "2018.10.23"]
[Round "3"]
[White "Nalichowski, Bogdan"]
[Black "Goris Schouwstra, Adry"]
[Result "1-0"]
[WhiteElo "1378"]
[BlackElo "1697"]
[PlyCount "97"]
[EventDate "2018.10.21"]
[EventType "swiss"]
[EventRounds "7"]

1. e4 e6 2. d4 d5 3. e5 c5 4. Nf3 Nc6 5. c3 Qb6 6. Bd3 cxd4 7. Nxd4 Nxe5 8. b4
Nxd3+ 9. Qxd3 Bd7 10. O-O Nf6 11. Re1 Be7 12. Qg3 g6 13. Bh6 Rc8 14. Qf3 Ne4
15. Bg7 Rg8 16. Be5 f6 17. Bg3 Rc4 18. Qd3 Kf7 19. Rxe4 Rxc3 20. Nxc3 dxe4 21.
Nxe4 Rd8 22. Qe3 Qxb4 23. Nb3 b6 24. h3 Bc6 25. f3 a5 26. Qf4 Bxe4 27. fxe4 e5
28. Qf3 a4 29. Be1 Qb5 30. Nd2 Qb2 31. Rd1 Qxa2 32. Qc3 Qe6 33. Bf2 Rc8 34. Qb2
Rb8 35. Nb1 b5 36. Nc3 a3 37. Qb1 b4 38. Nd5 b3 39. Rc1 Bf8 40. Be1 Qe8 41. Nb4
Qa4 42. Qd3 Bxb4 43. Rc7+ Be7 44. Qd5+ Kf8 45. Qe6 Qe8 46. Bf2 b2 47. Be3 b1=Q+
48. Kh2 Qxe4 49. Bh6# 1-0

[Event "Guernsey International Holiday"]
[Site "?"]
[Date "2018.10.23"]
[Round "3"]
[White "Harnden, Terry"]
[Black "Foran, Barry"]
[Result "1-0"]
[WhiteElo "1428"]
[BlackElo "1688"]
[PlyCount "59"]
[EventDate "2018.10.21"]
[EventType "swiss"]
[EventRounds "7"]

1. e4 c6 2. d4 d5 3. e5 c5 4. c3 Nc6 5. Nf3 Qb6 6. h3 e6 7. Be2 Bd7 8. O-O cxd4
9. cxd4 Nge7 10. b3 Nf5 11. Be3 Be7 12. a3 O-O 13. Nc3 Rfc8 14. Na4 Qd8 15. b4
b6 16. Rc1 Nb8 17. Nc3 a5 18. Nb5 axb4 19. axb4 Nc6 20. g4 Nxe3 21. fxe3 Bxb4
22. Rc2 Ra4 23. Rxc6 Rca8 24. Rc1 f6 25. exf6 Bxb5 26. Bxb5 Ra3 27. Qe2 Qxf6
28. Ne5 Qh6 29. Nf3 Ra2 30. Qxa2 1-0